Medaliści piłkarskich MŚ - Statystyki

Ogólne statystyki
  • Ten quiz został rozwiązany 2 542 razy
  • Średni wynik to 20 z 27
Statystyki odpowiedzi
Rok Zwycięzca 2. miejsce 3. miejsce 4. miejsce % Poprawnych
1958 Brazylia
99%
1938 Niemcy
99%
1962 Argentyna
98%
1994 Francja
97%
1970 Hiszpania
97%
1934 Włochy
96%
1982 Polska
95%
1930 Urugwaj
93%
Urugwaj
93%
1966 Anglia
92%
1974 Holandia
90%
1986 Portugalia
86%
2002 Stany Zjednoczone
76%
Belgia
75%
1978 Szwecja
75%
Chorwacja
72%
Związek Radziecki
71%
1954 RFN
66%
1998 Węgry
63%
2010 Chile
62%
1990 Czechosłowacja
59%
Jugosławia
59%
2014 Turcja
59%
2014 Korea Południowa
58%
2006 Austria
46%
Bułgaria
34%
1950 III Rzesza
9%
Nie znaleziono quizów pasujących do podanych kryteriów
Rozkład punktacji
Procent ludzi z każdym wynikiem
Percentyl według liczby udzielonych odpowiedzi
Twoja historia wyników
Nie rozwiązałeś tego quizu